000 00576nam a2200145 a 4500
008 120416s1980 ||||||||||||||||| || u
050 _aHG 3881 Loz
100 _aLozoya, Jorge
245 1 4 _aThe financial issues of the new international economic order
_cedited by Jorge Lozoya
260 _aNew York
_bPergamon Press
_c[1980(1982)]
300 _axxiii, 229p. : ill.
350 _a0.00
700 _aBhattacharya, A. K
995 _D0.00
_FCBU-MAIN LIBRARY (Kitwe)
_H1
_I9.95
_M1
_UAVAILABLE
_ZMain Library Open Access Collection
999 _c43372
_d43372